| 000 | 00629nam a2200193 4500 | ||
|---|---|---|---|
| 003 | OSt | ||
| 005 | 20260530115320.0 | ||
| 008 | 260508b |||||||| |||| 00| 0 por d | ||
| 040 |
_aICI _bspa _cICI _erda |
||
| 050 |
_aTH9445 _b.P74 |
||
| 100 |
_aConselho Nacional de Desenvolvimento Cientifico E Tecnologico _eautor _934289 |
||
| 245 |
_aPrevencao de Acidentes e Componentes para Edificacoes Habitacionais _bEstudos de Projectos |
||
| 264 |
_aBrazil _bCoordenacao Editorial _c1984 |
||
| 300 | _a56 páginas | ||
| 336 |
_2rdacontent _atexto |
||
| 337 |
_2rdamedia _asin medio |
||
| 338 |
_2rdacarrier _avolumen |
||
| 942 |
_2lcc _n1 _cBK |
||
| 999 |
_c13741 _d13741 |
||